| 000 | 00724cam a2200205 a 4500 | ||
|---|---|---|---|
| 003 | CDMRt | ||
| 005 | 20140410173935.0 | ||
| 008 | 140311s2014 spca||| |||| 000 0 spa c | ||
| 017 |
_aDL B. 583-2014 _bBiblioteca de Catalunya |
||
| 020 | _a9788423418060 | ||
| 040 |
_aES-BaBC _bcat _cCDMR |
||
| 100 | 1 |
_aAlcat, Enrique _94557 |
|
| 245 | 1 | 3 |
_aLa Tormenta perfecta _b: diez casos de crisis que conmovieron España : cómo se gestionaron y cómo debieron resolverse _cEnrique Alcat |
| 260 |
_aBarcelona _bDeusto _c2014 |
||
| 300 |
_a193 p. _bil. _c22 cm |
||
| 650 | 4 |
_aGabinets de premsa _93333 |
|
| 650 | 7 |
_aComunicació en la política _zEspanya _2lemac _93324 |
|
| 650 | 4 |
_aComunicació en l'administració _93870 |
|
| 942 | _cMON | ||
| 999 |
_c6720 _d6720 |
||